| 000 | 00000nam##2200000za#4500 |
| 001 | 9.571948 |
| 003 | CaOODSP |
| 005 | 20210624182957 |
| 007 | cr ||||||||||| |
| 008 | 150406|1998||||xxc|||||o f|0| 0 eng|d |
| 040 | |aCaOODSP|beng |
| 043 | |an-cn--- |
| 086 | 1 |aC21-27/1-1998-2E-PDF |
| 110 | 1 |aCanada. |bIndustry Canada. |
| 245 | 10|aBroad liberalization based on fundamentals : |h[electronic resource]|ba framework for Canadian commercial policy / |cby Randy Wigle. |
| 260 | |aOttawa - Ontario : |bIndustry Canada |cNovember 1998. |
| 300 | |a57p.|btables |
| 490 | 1 |aCanada in the 21st century. I, Scene setting|vNo. 2 |
| 500 | |aThe catalogue number (C21-27/1-1998-2) and ISBN (0-662-63777-1) for the bilingual print edition have been incorrectly copied in this electronic publication. |
| 504 | |aBibliography. |
| 590 | |a11-24-Supp|b2011-10-24 |
| 690 | 07|aEconomic policy|2gcpds |
| 690 | 07|aInternational trade|2gcpds |
| 720 | 1 |aWigle, Randy |
| 775 | 08|tLibéralisation étendue axée sur les aspects fondamentaux : |w(CaOODSP)9.602368 |
| 776 | 0#|tBroad liberalization based on fundamentals : |w(CaOODSP)9.531222 |
| 776 | 0#|tLibéralisation étendue axée sur les aspects fondamentaux : |w(CaOODSP)9.531223 |
| 830 | #0|aCanada in the 21st century. I, Scene setting ;|vNo. 2|w(CaOODSP)9.506521 |
| 856 | 40|ahttp://publications.gc.ca|qPDF|s136 KB|uhttps://publications.gc.ca/collections/Collection/C21-27-1-1998-2E.pdf|yNo. 2 |